000 00572nam a2200181 4500
001 136547
003 ES-MaACL
005 20240825063040.0
007 t|
008 070214s1964 sp r ||||1| spa d
100 1 _aRussell, Bertrand,
_d1872-1970
_9101033
245 1 0 _aVictoria sin armas /
_cBertrand Russell ; traducción del inglés por Juan Novella Domingo.
260 _aMadrid :
_bAguilar,
_c1964.
300 _a152 p. ;
_c21 cm.
700 1 _aNovella Domingo, Juan.
_986074
852 _aES-MaACL
_jC-26019
_bR.54621
999 _c136547
_d136547